Catálogo - Centro de Recursos para el Aprendizaje y la Investigación

Volver al Sitio - CRAI Biblioteca

El charco jugetón / (Registro nro. 114023)

Detalles MARC
000 -CABECERA
campo de control de longitud fija 01258nam a2200301 4500
001 - NÚMERO DE CONTROL
campo de control 114023
003 - IDENTIFICADOR DEL NÚMERO DE CONTROL
campo de control DR-UNIBE
005 - FECHA Y HORA DE LA ÚLTIMA TRANSACCIÓN
campo de control 20250807092508.0
008 - DATOS DE LONGITUD FIJA--INFORMACIÓN GENERAL
campo de control de longitud fija 250806b2025 dr ||||| |||| 00| 1 spa d
020 ## - NÚMERO INTERNACIONAL ESTÁNDAR DEL LIBRO
Número Internacional Estándar del Libro 9789945949056
040 ## - FUENTE DE LA CATALOGACIÓN
Centro catalogador/agencia de origen BIBLIOTECA UNIBE
Lengua de catalogación spa
Centro/agencia transcriptor BIBLIOTECA UNIBE
Normas de descripción rda
041 ## - CÓDIGO DE LENGUA
Código de lengua del texto/banda sonora o título independiente spa
090 ## - LOCALMENTE ASIGNADO TIPO-LC NÚMERO DE CLASIFICACIÓN (OCLC); NÚMERO DE CLASIFICACIÓN LOCAL (RLIN)
Número de clasificación (OCLC) (R) ; Numero de clasificación, CALL (RLIN) (NR) FBIU-RO CI M375ch
100 ## - ENTRADA PRINCIPAL--NOMBRE DE PERSONA
Nombre de persona Marte Martich, Belkis María
9 (RLIN) 198241
Término indicativo de función/relación autor
245 13 - MENCIÓN DE TÍTULO
Título El charco jugetón /
Mención de responsabilidad, etc. Belquis M. Marte ; ilustración y diseño: Carlos H. Bruzon; edición - corrección: Rafael J. Rodríguez Pérez ; comentarios: Evelyn Ramos Miranda
250 ## - MENCIÓN DE EDICIÓN
Mención de edición Primera edición
260 ## - PUBLICACIÓN, DISTRIBUCIÓN, ETC.
Lugar de publicación, distribución, etc. Santo Domingo :
Nombre del editor, distribuidor, etc. Río de Oro Editores ,
Fecha de publicación, distribución, etc. 2025
300 ## - DESCRIPCIÓN FÍSICA
Extensión [Sin páginas] :
Otras características físicas ilustraciones a color ;
Dimensiones 25 x 20 cm
490 ## - MENCIÓN DE SERIE
Mención de serie Carajitos colección
500 ## - NOTA GENERAL
Nota general Datos del autor al inicio de la obra, comentario de la misma en la contraportada
653 ## - TÉRMINO DE INDIZACIÓN--NO CONTROLADO
Término no controlado Cuentos infantiles dominicanos
653 ## - TÉRMINO DE INDIZACIÓN--NO CONTROLADO
Término no controlado Charcos - Cuentos infantiles dominicanos
653 ## - TÉRMINO DE INDIZACIÓN--NO CONTROLADO
Término no controlado Literatura infantil dominicana
700 ## - PUNTO DE ACCESO ADICIONAL--NOMBRE DE PERSONA
Nombre de persona Bruzón, Carlos H.
9 (RLIN) 162497
Término indicativo de función/relación ilustrador
-- diseñador
700 ## - PUNTO DE ACCESO ADICIONAL--NOMBRE DE PERSONA
Nombre de persona Rodríguez Pérez, Rafael J.
9 (RLIN) 198242
Término indicativo de función/relación editor
-- corrector de estilo
700 ## - PUNTO DE ACCESO ADICIONAL--NOMBRE DE PERSONA
Nombre de persona Ramos Miranda, Evelyn
9 (RLIN) 194067
Término indicativo de función/relación comentarista
942 ## - ELEMENTOS DE PUNTO DE ACCESO ADICIONAL (KOHA)
Fuente del sistema de clasificación o colocación Sistema de Clasificación Decimal Dewey
Tipo de ítem Koha Libro (general)
Existencias
Estado de retiro Estado de pérdida Fuente del sistema de clasificación o colocación No para préstamo Código de colección Localización permanente Fecha de adquisición Total de préstamos Signatura topográfica completa Código de barras Fecha visto por última vez Número de copia Precio válido a partir de Tipo de ítem Koha
  Disponible Sistema de Clasificación Decimal Dewey No se presta Fondo Bibliográfico IBBY-UNIBE Biblioteca Central UNIBE 06/08/2025   FBIU-RO CI M375ch FBIU0875 06/08/2025 Ej.1 06/08/2025 Libro (reserva)